|
|
|
|
| LEADER |
02247nam a2200361 a 4500 |
| 001 |
GR-Antirio910 |
| 008 |
140313s2007 gr g 000 0 gre d |
| 020 |
|
|
|a 9604181033
|
| 040 |
|
|
|a GrPaTEI
|b gre
|c GR-PaULI
|
| 040 |
|
|
|a GrPaTEI
|b gre
|c GR-PaULI
|
| 082 |
|
0 |
|a 004.66
|2 22
|
| 100 |
1 |
|
|a Βενιέρης, Ιάκωβος Στ.
|
| 245 |
1 |
0 |
|a Δίκτυα ευρείας ζώνης /
|c Ιάκωβος Στ. Βενιέρης.
|
| 250 |
|
|
|a 2η έκδ.
|
| 260 |
|
|
|a Θεσσαλονίκη :
|b Τζιόλα,
|c 2007
|
| 300 |
|
|
|a 405 σ. :
|b πίν., σχ.
|
| 500 |
|
|
|a Περιλαμβάνει ευρετήριο
|
| 500 |
|
|
|a Σύστημα "ΕΥΔΟΞΟΣ": αρ. εισ. 9057, 9058, 9363, 9364
|
| 500 |
|
|
|a Τμήμα Μηχανικών Πληροφορικής Τ.Ε. (Αντίρριο)
|
| 504 |
|
|
|a Βιβλιογραφία: σ. 385-386
|
| 610 |
|
4 |
|a Σύστημα ΕΥΔΟΞΟΣ
|
| 610 |
2 |
4 |
|a Τμήμα Μηχανικών Πληροφορικής Τ.Ε. (Αντίρριο)
|
| 650 |
|
4 |
|a Συστήματα επικοινωνιών ευρείας ζώνης
|
| 650 |
|
4 |
|a Συστήματα μετάδοσης δεδομένων
|
| 650 |
|
4 |
|a Συστήματα πολυμέσων
|
| 710 |
0 |
|
|a Τζιόλας
|
| 942 |
|
|
|2 ddc
|
| 952 |
|
|
|0 0
|1 0
|2 ddc
|4 0
|6 004_660000000000000_ΒΕΝ
|7 0
|9 262431
|a LISK-2
|b LISK-2
|c EUD
|d 2021-01-17
|e 24
|f 0
|g 0.00
|l 0
|o 004.66 ΒΕΝ
|p 2430000009057
|r 2021-01-17 00:00:00
|t 1
|w 2021-01-17
|y BK15
|x 20140313 0 ΧΑΣΑΝΗ 1
|x GrPaTEI - Antirrio
|
| 952 |
|
|
|0 0
|1 0
|2 ddc
|4 0
|6 004_660000000000000_ΒΕΝ
|7 0
|9 262432
|a LISK-2
|b LISK-2
|c EUD
|d 2021-01-17
|e 24
|f 0
|g 0.00
|l 0
|o 004.66 ΒΕΝ
|p 2430000009058
|r 2021-01-17 00:00:00
|t 1
|w 2021-01-17
|y BK15
|x 20140313 0 ΧΑΣΑΝΗ 1
|x GrPaTEI - Antirrio
|
| 952 |
|
|
|0 0
|1 0
|2 ddc
|4 0
|6 004_660000000000000_ΒΕΝ
|7 0
|9 262433
|a LISK-2
|b LISK-2
|c EUD
|d 2021-01-17
|e 24
|f 0
|g 0.00
|l 0
|o 004.66 ΒΕΝ
|p 2430000009363
|r 2021-01-17 00:00:00
|t 1
|w 2021-01-17
|y BK15
|x 20140313 0 ΧΑΣΑΝΗ 1
|x GrPaTEI - Antirrio
|
| 952 |
|
|
|0 0
|1 0
|2 ddc
|4 0
|6 004_660000000000000_ΒΕΝ
|7 0
|9 262434
|a LISK-2
|b LISK-2
|c EUD
|d 2021-01-17
|e 24
|f 0
|g 0.00
|l 0
|o 004.66 ΒΕΝ
|p 2430000009364
|r 2021-01-17 00:00:00
|t 1
|w 2021-01-17
|y BK15
|x 20140313 0 ΧΑΣΑΝΗ 1
|x GrPaTEI - Antirrio
|
| 971 |
|
|
|a .b25707097
|b 15-04-20
|c 12-09-16
|
| 999 |
|
|
|c 151315
|d 151315
|